000 00905nam a2200265Ia 4500
003 OSt
005 20220923211556.0
006 a|||||r|||| 00| 0
007 ta
008 Pun
020 _a9789385670749 (hbk)
_c200
024 _a324,068
037 _b1010, 15/01/2018, H.K. Prakashan
_cTextual
040 _aARTS
_cARTS
_bPun
041 _2Pun
_aPun
082 _aO153,1:g, Q6
100 _aਢਿੱਲੋ੍ਵ, ਪਰਮਜੀਤ, ਂਚ.
245 0 _aਆਧੁਨਿਕ ਪੰਜਾਬੀ ਕਾਵਿ ਦੇ ਥੰਮ
260 _aਪਟਿਆਲਾ
_b ਗ੍ਰੇFਿਅਸ
_c2016
300 _a177ਪੰ
_ccm.
650 _a ਪੰਜਾਬੀ ਕਾਵਿ
650 _aਪੰਜਾਾਬੀ ਸਾਹਿਤ
_9156350
942 _hO153,1:g, Q6
_cTEXL
_2CC
999 _c300927
_d300927